Recognition System for Stuttered Isolated Spoken Marathi Numeric Words (Record no. 10970)

MARC details
000 -LEADER
fixed length control field 00488nam a22001697a 4500
003 - CONTROL NUMBER IDENTIFIER
control field OSt
008 - FIXED-LENGTH DATA ELEMENTS--GENERAL INFORMATION
fixed length control field 210814b ||||| |||| 00| 0 eng d
020 ## - INTERNATIONAL STANDARD BOOK NUMBER
International Standard Book Number 9786202066334
082 ## - DEWEY DECIMAL CLASSIFICATION NUMBER
Classification number 491.468
Item number WAR
100 G# - MAIN ENTRY--PERSONAL NAME
Personal name WAGHMARE, Swapnil D
245 ## - TITLE STATEMENT
Title Recognition System for Stuttered Isolated Spoken Marathi Numeric Words
250 ## - EDITION STATEMENT
Edition statement Ed
260 ## - PUBLICATION, DISTRIBUTION, ETC. (IMPRINT)
Place of publication, distribution, etc Mauritius
Name of publisher, distributor, etc Lap Lambert Academic Pub.
Date of publication, distribution, etc 2017
300 ## - PHYSICAL DESCRIPTION
Extent 47
650 ## - SUBJECT ADDED ENTRY--TOPICAL TERM
Topical term or geographic name as entry element Artificial Intelligence and Machine Learning
942 ## - ADDED ENTRY ELEMENTS (KOHA)
Source of classification or shelving scheme Dewey Decimal Classification
Koha item type Text Books
Holdings
Withdrawn status Lost status Source of classification or shelving scheme Damaged status Not for loan Collection code Home library Current library Date acquired Source of acquisition Currency Cost, normal purchase price Bill Number Total Checkouts Full call number Acc. no. / Barcode Date last seen Actual Cost, discounted price Bill Date Koha item type
    Dewey Decimal Classification     GENERAL PIET C-LIBRARY PIET C-LIBRARY 25/09/2021 Repro Knowledge cast Ltd, Rewari IN Rupees 3314.00 XNRF-148439   491.468 WAR 33244 30/09/2021 3314.00 25/09/2021 Text Books

Design & Developed by: PIET Central Library
R70 Miles Stone Pattikalyana Samalkha Panipat 132102
mail ID :- [email protected], Phone No:- 0180-2569700 Ex.216